Faktory vplývajúce na stanovenie ceny v cestnej nákladnej doprave

Cena je prvkom marketingového mixu, ktorého úlohou je spolu s ostatnými nástrojmi marketingového mixu doviesť podnik k jeho marketingovým cieľom. Tvorba ceny za služby poskytované podnikom cestnej dopravy je zložitý komplexný problém, ktorý nemožno zjednodušiť len na otázku kalkulácie nákladov.

Salvato in:
Dettagli Bibliografici
Autore principale: Dobrotková, Marta
Altri autori: Dobrotková, Lucia
Natura: Capitolo di libro
Lingua:slovacco
Soggetti:
Tags: Aggiungi Tag
Nessun Tag, puoi essere il primo ad aggiungerne!!

MARC

LEADER 00000nla$a2200000$$$4500
001 0121924
005 20220729111408.8
041 0 |a slo 
044 |a SK 
245 1 0 |a Faktory vplývajúce na stanovenie ceny v cestnej nákladnej doprave  |c Marta Dobrotková, Lucia Dobrotková 
520 |a Cena je prvkom marketingového mixu, ktorého úlohou je spolu s ostatnými nástrojmi marketingového mixu doviesť podnik k jeho marketingovým cieľom. Tvorba ceny za služby poskytované podnikom cestnej dopravy je zložitý komplexný problém, ktorý nemožno zjednodušiť len na otázku kalkulácie nákladov. 
610 2 0 |a doprava cestná nákladná 
610 2 0 |a kalkulácia nákladov 
610 2 0 |a tvorba cien 
610 2 0 |a marketing mix 
100 1 |a Dobrotková, Marta 
700 1 |a Dobrotková, Lucia